ՄԱՅՐ ԱԹՈՌ ՍՈՒՐԲ ԷՋՄԻԱԾԻՆ

«ՎԱՉԵ ԵՎ ԹԱՄԱՐ ՄԱՆՈՒԿՅԱՆ» ՄԱՏԵՆԱԴԱՐԱՆ

The global human rights landscape. (Record no. 71778)

MARC details
000 -LEADER
fixed length control field 00766nam a22002297a 4500
003 - CONTROL NUMBER IDENTIFIER
control field SEM
005 - DATE AND TIME OF LATEST TRANSACTION
control field 20220608074855.0
008 - FIXED-LENGTH DATA ELEMENTS--GENERAL INFORMATION
fixed length control field 210923s2019 au ||||gr|||||001|0 eng|d
020 ## - INTERNATIONAL STANDARD BOOK NUMBER
International Standard Book Number 9783950385168
040 ## - CATALOGING SOURCE
Original cataloging agency SEM
Transcribing agency SEM
041 ## - LANGUAGE CODE
Language code of text/sound track or separate title eng
080 ## - UNIVERSAL DECIMAL CLASSIFICATION NUMBER
Universal Decimal Classification number 347/C-70
100 ## - MAIN ENTRY--PERSONAL NAME
Personal name Coleman, Paul ; Fischer, Meghan ; Elyssa, Koren
245 ## - TITLE STATEMENT
Title The global human rights landscape.
Remainder of title A short guide to understanding the international organizations and the opportunities for engagement /
Statement of responsibility, etc. P. Coleman, M. Fischer, E. Koren
250 ## - EDITION STATEMENT
Edition statement Second edition
260 ## - PUBLICATION, DISTRIBUTION, ETC.
Place of publication, distribution, etc. Vienna :
Name of publisher, distributor, etc. Kairos publ.,
Date of publication, distribution, etc. 2019.
300 ## - PHYSICAL DESCRIPTION
Extent XVII+257 p. ;
Other physical details tables;
Dimensions 21 cm
504 ## - BIBLIOGRAPHY, ETC. NOTE
Bibliography, etc. note Bibliogr. p.: 214-220; Endnotes p.: 222-257
650 ## - SUBJECT ADDED ENTRY--TOPICAL TERM
Topical term or geographic name entry element Human rights
653 ## - INDEX TERM--UNCONTROLLED
Uncontrolled term ՍԷՄ
942 ## - ADDED ENTRY ELEMENTS (KOHA)
Source of classification or shelving scheme Universal Decimal Classification
Koha item type Գրքեր/Books
Holdings
Withdrawn status Lost status Source of classification or shelving scheme Damaged status Not for loan Collection code Home library Current library Date acquired Cost, normal purchase price Inventory number Total Checkouts Full call number Barcode Date last seen Price effective from Koha item type Public note
    Universal Decimal Classification     Գրապահոց Մայր Աթոռ Սուրբ Էջմիածին «Վաչե և Թամար Մանուկյան» Մատենադարան Մայր Աթոռ Սուրբ Էջմիածին «Վաչե և Թամար Մանուկյան» Մատենադարան 23/09/2021 1000.00 E-6809   347/C-70 E-6809 23/09/2021 23/09/2021 Գրքեր/Books Սպասարկվում է ընթերցասրահ
    Universal Decimal Classification     Գրապահոց Մայր Աթոռ Սուրբ Էջմիածին «Վաչե և Թամար Մանուկյան» Մատենադարան Մայր Աթոռ Սուրբ Էջմիածին «Վաչե և Թամար Մանուկյան» Մատենադարան 23/09/2021 1000.00 E-6841   347/C-70 E-6841 23/09/2021 23/09/2021 Գրքեր/Books Սպասարկվում է 30 օր